000
00288nam a22001217a 4500
082
_a
621.384 TER'M
100
_a
TERMAN, FREDERICK EMMONS
_9
41593
245
_a
MEASUREMENTS IN RADIO ENGINEERING
250
_a
1ST
260
_a
NEWYORK
_b
MCGRAW HILL
_c
1935
300
_a
400P
942
_c
BK
999
_c
577296
_d
577296